Nets all time leaders - Statistics

General Stats
  • This quiz has been taken 9 times
  • The average score is 8 of 27
Answer Stats
Player % Correct
Brook Lopez
100%
Jason Kidd
100%
Vince Carter
89%
Buck Williams
67%
Deron Williams
67%
Devin Harris
67%
Jayson Williams
67%
George Johnson
44%
Richard Jefferson
44%
Derrick Coleman
33%
Kenyon Martin
22%
Spencer Dinwiddie
22%
Chris Morris
11%
Eddie Jordan
11%
Jason Collins
11%
Keith Van Horn
11%
Kendall Gill
11%
Kenny Anderson
11%
Kerry Kittles
11%
Michael Ray Richardson
11%
Chris Dudley
0%
Darwin Cook
0%
Mike Gminski
0%
Otis Birdsong
0%
Sam Bowie
0%
Shawn Bradley
0%
Stephon Marbury
0%
No matching quizzes found
Score Distribution
Percent of People with Each Score
Percentile by Number Answered
Your Score History
You have not taken this quiz